00378nam a2200133Ia 450000500170000000800410001702000180005808200180007610000230009424500460011726000330016330000120019665000360020820250224151043.0231217s9999 xx 000 0 und d a9788131401262 a659 MAN;1 R aMankad, Neeraj ed. 0aReinventing advertising : the new reality c2006bICFAI PressaHyderabad aix, 187 aReinventing,advertising,reality